00291nam a2200121Ia 4500008004100000041000900041082001800050100002100068245002700089260003700116300000800153650000800161230718s9999 xx 000 0 und d aEng. a342540bBHA-E aBhatti, Hussnain 0aEN New gas Allied Laws aPakistanbPunjan Law Housec2016 a412 aLaw